Química bioinorgánica

Αποθηκεύτηκε σε:
Λεπτομέρειες βιβλιογραφικής εγγραφής
Κύριοι συγγραφείς: Casas Fernández, José Sergio (Συγγραφέας), Moreno Martínez, Virtudes (Συγγραφέας), Sánchez González, Ángeles (Συγγραφέας), Sánchez López, José Luis (Συγγραφέας), Sordo Rodríguez, José (Συγγραφέας)
Μορφή: Βιβλίο
Γλώσσα:Ισπανικά
Έκδοση: Madrid Síntesis 2002
Σειρά:Biblioteca de Químicas, 6
Θέματα:
Ετικέτες: Προσθήκη ετικέτας
Δεν υπάρχουν, Καταχωρήστε ετικέτα πρώτοι!

MARC

LEADER 00000nam a2200000 a 4500
001 UCK6264
003 CL-VaPUC
008 050909e20020000SP |||||||||||||||||spa|d
020 |a 8497560272 
082 0 4 |a 572.51  |b CAS  |2 21 
100 0 |a Casas Fernández, José Sergio  |e author  |9 495343 
700 0 |a Moreno Martínez, Virtudes  |e author  |9 495344 
700 0 |a Sánchez González, Ángeles  |e author  |9 495345 
700 0 |a Sánchez López, José Luis  |e author  |9 495346 
700 0 |a Sordo Rodríguez, José  |e author  |9 495347 
245 1 0 |a Química bioinorgánica 
300 |a 343 p 
942 |c BK 
945 |d 20050909 00:00:00  |a jcarroza 
260 |a Madrid  |b Síntesis  |c 2002 
650 7 |a QUIMICA BIOINORGANICA  |2 CL-VaPUC  |9 469066 
650 0 |a Bioquímica   |9 259492 
650 0 |a Metales   |9 260686 
583 |a last modification  |c 20050909 00:00:00  |k Rodrigo Vera 
490 0 |a Biblioteca de Químicas, 6 
999 |c 314563  |d 314561 
952 |0 0  |1 0  |4 0  |6 572_510000000000000_CAS_2002  |7 0  |8 A  |9 386963  |a BIBCUR  |b BIBCUR  |d 2019-11-22  |i 4157389  |l 6  |o 572.51 CAS 2002  |p 4157389  |q 2026-03-18  |r 2025-03-18  |s 2025-03-18  |w 2019-11-22  |y BK  |k QUI 
952 |0 0  |1 0  |4 0  |6 572_510000000000000_CAS_2002  |7 0  |8 A  |9 386964  |a BIBCUR  |b BIBCUR  |d 2019-11-22  |i 4157370  |o 572.51 CAS 2002  |p 4157370  |r 2025-04-22  |w 2019-11-22  |y BK  |k QUI 
952 |0 0  |1 0  |4 0  |6 572_510000000000000_CAS_2002  |7 0  |8 A  |9 386965  |a BIBCUR  |b BIBCUR  |d 2019-11-22  |i 4157362  |o 572.51 CAS 2002  |p 4157362  |r 2025-04-22  |w 2019-11-22  |y BK  |k QUI 
952 |0 0  |1 0  |4 0  |6 572_510000000000000_CAS_2002  |7 0  |8 A  |9 386966  |a BIBCUR  |b BIBCUR  |d 2019-11-22  |i 4157354  |l 4  |m 4  |o 572.51 CAS 2002  |p 4157354  |q 2025-05-05  |r 2025-04-28  |s 2025-04-28  |w 2019-11-22  |y BK  |k QUI 
952 |0 0  |1 0  |4 0  |6 572_510000000000000_CAS_2002  |7 0  |8 A  |9 386967  |a BIBCUR  |b BIBCUR  |d 2019-11-22  |i 4157338  |o 572.51 CAS 2002  |p 4157338  |r 2025-04-22  |w 2019-11-22  |y BK  |k QUI 
952 |0 0  |1 0  |4 0  |6 572_510000000000000_CAS_2002  |7 0  |8 A  |9 386968  |a BIBCUR  |b BIBCUR  |d 2019-11-22  |i 4157346  |l 3  |o 572.51 CAS 2002  |p 4157346  |r 2025-04-22  |s 2024-11-18  |w 2019-11-22  |y BK  |k QUI 
952 |0 0  |1 0  |4 0  |6 572_510000000000000_CAS_2002  |7 0  |8 A  |9 386969  |a BIBCUR  |b BIBCUR  |d 2019-11-22  |i 4193482  |o 572.51 CAS 2002  |p 4193482  |r 2025-04-22  |w 2019-11-22  |y BK  |k QUI 
952 |0 0  |1 0  |4 0  |6 572_510000000000000_CAS_2002  |7 0  |8 A  |9 386970  |a BIBCUR  |b BIBCUR  |d 2019-11-22  |i 4193490  |o 572.51 CAS 2002  |p 4193490  |r 2025-04-22  |w 2019-11-22  |y BK  |k QUI 
952 |0 0  |1 0  |4 0  |6 572_510000000000000_CAS_2002  |7 0  |8 A  |9 386971  |a BIBCUR  |b BIBCUR  |d 2019-11-22  |i 4193504  |o 572.51 CAS 2002  |p 4193504  |r 2025-04-22  |w 2019-11-22  |y BK  |k QUI 
952 |0 0  |1 0  |4 0  |6 572_510000000000000_CAS_2002  |7 0  |8 A  |9 386972  |a BIBCUR  |b BIBCUR  |d 2019-11-22  |i 4193512  |o 572.51 CAS 2002  |p 4193512  |r 2025-04-22  |w 2019-11-22  |y BK  |k QUI 
952 |0 0  |1 0  |4 0  |6 572_510000000000000_CAS_2002  |7 0  |8 A  |9 386973  |a BIBCUR  |b BIBCUR  |d 2019-11-22  |i 4193520  |o 572.51 CAS 2002  |p 4193520  |r 2025-04-22  |w 2019-11-22  |y BK  |k QUI